00253 a2200097 450000500170000002000190001710000090003624500450004526000300009030000350012020250623161156.0 a978-9976-078-9 aNBAA aT01 Book-Keeping and Accounts Study Text aDar es SalaambNBAAc2014 a310P.: ill; TablebIndexc29cm